Digital control systems: Theory, hardware, software (Record no. 39288)

MARC details
000 -LEADER
fixed length control field 00392nam a2200133Ia 4500
082 ## - DEWEY DECIMAL CLASSIFICATION NUMBER
Classification number 681.321
Item number HOU
100 ## - MAIN ENTRY--AUTHOR NAME
Personal name Hupis, Constantine H
245 #0 - TITLE STATEMENT
Title Digital control systems: Theory, hardware, software
260 ## - PUBLICATION, DISTRIBUTION, ETC. (IMPRINT)
Place of publication New York
Name of publisher McGraw Hill
490 ## - SERIES STATEMENT
Series statement McGraw Hill series in electrical engineering
700 ## - ADDED ENTRY--PERSONAL NAME
Personal name Lamont, Gary B
942 ## - ADDED ENTRY ELEMENTS (KOHA)
Koha item type Books
Holdings
Withdrawn status Lost status Damaged status Not for loan Home library Current library Date acquired Cost, normal purchase price Full call number Accession Number Koha item type
        RRII Library RRII Library 16/12/2021 105.00 681.321 HOU 19629 Books